000 00273cam a2200109ua 4500
082 _a631.1
_bMIC/PR
100 _aMichael, A.M.
_9114
245 _aPrinciples of Agricultural Engineering /
260 _aNew Delhi :
_bJain Brothers ,
_c1981.
300 _a640 ; .
942 _cBK
999 _c3063
_d3063